Statystyki dla schozenia seksiakuw

Kliknij tutaj aby rozwiązać quiz!

Ogólne statystyki

  • Ten quiz został rozwiązany 7 razy
  • Średni wynik to 4 z 6

Statystyki odpowiedzi

seksiakschorzenie% Poprawnych
jojADHD
100%
gotkaADHD
100%
czopaautyzm
80%
szczurasperger
40%
czosnioko
40%
mefkolano
20%

Rozkład punktacji

Percentyl według liczby udzielonych odpowiedzi

Procent ludzi z każdym wynikiem

Twoja historia wyników

Nie rozwiązałeś tego quizu